| 000 | 01671cam a22002535a 4500 | ||
|---|---|---|---|
| 001 | L146089 | ||
| 002 | 17300 | ||
| 008 | 081208s2008 xxk f 001 0 eng d | ||
| 020 | _a9780203933015 | ||
| 035 | _a(Sirsi) u146089 | ||
| 041 | 0 | _aeng | |
| 100 | 1 | _aPotts, Keith | |
| 245 | 0 | 0 |
_aConstruction cost management _blearning from case studies _h[electronic resource] |
| 300 | _aeBook | ||
| 505 | 2 | _aPart 1: introduction -- Part 2: Management of the pre-contract stage -- Part 3: Key tools and techniques -- Part 4: Procurement strategies -- Part 5: Management of the post-contract stage -- Part 6: Contracts and case study | |
| 520 | _aAimed at students in Surveying and Construction Management, this book examines in detail key issues and best practice in construction cost management, at all levels of a construction project, from the time of pre-contract to the post-contract period. Includes the recent changes in the role of the construction cost manager. Discusses cost management in building and civil engineering sectors in the UK and abroad. Provides case studies and seminar questions. Contains short analyses on the NEC3 engineering and construction contract and on the new Fédération Internationale des Ingénieurs-Conseils standard form of international construction contract. Presents major projects such as the Scottish Parliament Building, Wembley Stadium and Heathrow Terminal 5. | ||
| 521 | _aAdvanced | ||
| 590 | _aKA | ||
| 650 | 2 | 4 | _aEBOOK |
| 651 | 4 |
_aUnited Kingdom _y |
|
| 690 | _aBUILT ENVIRONMENT-BUILDING COSTS | ||
| 856 | 4 | 8 |
_uhttps://www.vlebooks.com/ _zView on VLEbooks. Logins for members only from [email protected] |
| 942 | _n0 | ||
| 999 |
_c109041 _d109041 |
||